000 00642nam a2200229 i 4500
001 C2-0320652
003 PPAK
005 20180728120059.0
008 130109s1993 io a|||| ||||| | may d
040 _aPPAK
_beng
_cPPAK
_erda
082 0 4 _a899.231
_223
090 0 0 _a899.231
_bAHA
_dKIH
100 0 _aA. Hasjmy,
_eauthor
245 1 0 _aMimpi-mimpi indah di rumah sakit MMC
264 1 _aBanda Aceh, Indonesia :
_bCV. Gua Hira' ,
_c1993
300 _a103 pages :
_billustrations ;
_c21 cm
336 _2rdacontent
_atext
337 _2rdamedia
_aunmediated
338 _2rdacarrier
_avolume
650 1 0 _aMalay poetry
942 _ddc
_cB
999 _c121307
_d121307